| 000 | nam a22 a 4500 | ||
|---|---|---|---|
| 999 |
_c655 _d655 |
||
| 005 | 20170504144050.0 | ||
| 008 | 170504b1993 -us||||| |||| 00| 0 eng d | ||
| 020 | _a0205147984 (International student ed) | ||
| 040 | _aAKMAL | ||
| 082 | _a158.3 IVE | ||
| 090 |
_a158.3 _bIVE |
||
| 100 | 1 |
_aIvey, Allen E. _d1933- _91407 |
|
| 245 | 1 | 0 |
_aCounseling and psychotheraphy : _ba multicultural perspective / _cAllen E. Ivey, Mary Bradford Ivey, Lynn Simek-Morgan ; with contributions from Harold E. Cheatham and Sandra Rigazio-DeGilio |
| 250 | _a3rd ed. | ||
| 260 |
_aBoston ; _aLondon : _bAllyn and Bacon, _cc1993 |
||
| 300 |
_axii, 388 p. ; _c24cm |
||
| 504 | _aIncludes bibliographical references | ||
| 650 | 0 |
_aCross-cultural counseling _91408 |
|
| 650 | 0 |
_aPsychotheraphy _xCross-cultural studies _91409 |
|
| 700 | 1 |
_aIvey, Mary Bradford _91410 |
|
| 700 | 1 |
_aSimek-Morgan, Lynn _91411 |
|
| 942 |
_2ddc _cBOOK |
||